|
|
|
|
| LEADER |
00734nta a2200193 i 4500 |
| 001 |
dipl132046 |
| 005 |
20221208083717.0 |
| 008 |
221207s2009 hu om 0|| hun d |
| 040 |
|
|
|a SZTE Diploma Repozitórium
|b hun
|
| 041 |
|
|
|a hun
|
| 100 |
1 |
|
|a Palócz Attila
|
| 245 |
1 |
0 |
|a Személyes adatok védelme, a rendvédelmi szervek jogalkalmazása
|h [elektronikus dokumentum] /
|c Attila Palócz
|
| 246 |
1 |
0 |
|a Protection of personal data and enforcement of law at police
|h [elektronikus dokumentum]
|
| 260 |
|
|
|c 2009
|
| 650 |
|
4 |
|a Jogi és igazgatási tanulmányok
|
| 650 |
|
4 |
|a Social sciences
|
| 650 |
|
4 |
|a Law
|
| 700 |
1 |
|
|a Kiss Barnabás
|e ths
|
| 856 |
4 |
0 |
|u https://diploma.bibl.u-szeged.hu/id/eprint/132046/1/2009_palocz_attila.pdf
|z Dokumentum-elérés
|